[Event "POL-ch U20"]
[Site "Chotowa"]
[Date "2023.10.24"]
[Round "1"]
[White "Kacprzak, Karol1"]
[Black "Lis, Maksymilian"]
[Result "1-0"]
[WhiteElo "2317"]
[BlackElo "1937"]
[PlyCount "65"]
[EventDate "2023.10.24"]
[EventType "swiss"]
[EventRounds "9"]
[EventCountry "POL"]
[SourceTitle "Mega2024 Update 01"]
[Source "Chessbase"]
[SourceDate "2023.11.12"]
[SourceVersion "1"]
[SourceVersionDate "2023.11.12"]
[SourceQuality "1"]

1. e4 c6 2. Nf3 d5 3. Nc3 Bg4 4. h3 Bxf3 5. Qxf3 e6 6. d4 Nd7 7. exd5 cxd5 8. Bd3 a6 9. Ne2 Ne7 10. 0-0 Nc6 11. c3 Bd6 12. Qg4 g6 13. Bh6 Bf8 14. Bg5 Be7 15. Bd2 Nf6 16. Qf3 0-0 17. Nf4 Rc8 18. Rfe1 Qd6 19. Rad1 Rfd8 20. Bb1 b5 21. a3 Na5 22. Nd3 Nc4 23. Bf4 Qd7 24. Re2 Qe8 25. Bh6 Ne4 26. Rde1 Bf8 27. Bc1 a5 28. Nf4 Nf6 29. Nxe6 fxe6 30. Rxe6 Qd7 31. Qxf6 Bg7 32. Qh4 Re8 33. Re7 1-0

[Event "Krakow Malopolski Cup"]
[Site "Krakow"]
[Date "2022.08.08"]
[Round "8"]
[White "Nowakowski, Maksymilian"]
[Black "Lis, Maksymilian"]
[Result "1-0"]
[WhiteElo "1409"]
[BlackElo "1665"]
[PlyCount "69"]
[EventDate "2022.08.04"]
[EventType "swiss"]
[EventRounds "9"]
[EventCountry "POL"]
[SourceTitle "CBM 209 Extra"]
[Source "ChessBase"]
[SourceDate "2022.09.30"]
[SourceVersion "1"]
[SourceVersionDate "2022.09.30"]
[SourceQuality "1"]

1. Nf3 Nf6 2. d4 c5 3. c3 d5 4. g3 Nc6 5. Bg2 Bf5 6. 0-0 e6 7. Bg5 h6 8. Bxf6 Qxf6 9. Qa4 Bd6 10. Qb5 Qe7 11. dxc5 Bxc5 12. Ne5 Rc8 13. Nxc6 bxc6 14. Qa4 0-0 15. Nd2 Qb7 16. Qb3 Qa6 17. e4 Bg4 18. Rfe1 Rb8 19. Qc2 Qb6 20. Nb3 Bd6 21. Kh1 a5 22. Rab1 a4 23. Nc1 dxe4 24. Bxe4 f5 25. Bg2 f4 26. Nd3 Bf5 27. Be4 Bh3 28. Qxa4 Ra8 29. Qxc6 Qxc6 30. Bxc6 Rxa2 31. Be4 Rb8 32. Re2 g5 33. gxf4 gxf4 34. f3 Rb3 35. Nc1 1-0

[Event "Krakow Malopolski Cup"]
[Site "Krakow"]
[Date "2022.08.06"]
[Round "5"]
[White "Lis, Maksymilian"]
[Black "Kedzierski, Aleksander"]
[Result "1-0"]
[WhiteElo "1665"]
[BlackElo "1596"]
[PlyCount "115"]
[EventDate "2022.08.04"]
[EventType "swiss"]
[EventRounds "9"]
[EventCountry "POL"]
[SourceTitle "CBM 209 Extra"]
[Source "ChessBase"]
[SourceDate "2022.09.30"]
[SourceVersion "1"]
[SourceVersionDate "2022.09.30"]
[SourceQuality "1"]

1. Nf3 f5 2. d4 g6 3. Bf4 Nf6 4. e3 Bg7 5. Bc4 d5 6. Be2 0-0 7. Nbd2 Nbd7 8. Ne5 Nxe5 9. Bxe5 Ne4 10. Nf3 e6 11. 0-0 Ng5 12. Nxg5 Bxe5 13. f4 Bd6 14. c4 c5 15. Qb3 cxd4 16. cxd5 dxe3 17. Nxe6 Bxe6 18. dxe6 Qe7 19. Rfd1 Rfd8 20. Rac1 Rac8 21. Qxe3 Rxc1 22. Rxc1 Bb4 23. Qxa7 Bd2 24. Rc2 Bxf4 25. Qb6 Qh4 26. g3 Bxg3 27. hxg3 Qxg3+ 28. Kf1 Qh3+ 29. Kf2 Qh2+ 30. Kf3 Qh3+ 31. Kf2 Qh2+ 32. Ke1 Qh1+ 33. Bf1 Qh4+ 34. Rf2 Qe4+ 35. Re2 Qh4+ 36. Qf2 Qb4+ 37. Rd2 Re8 38. Qe3 f4 39. Qe5 f3 40. Kd1 Qg4 41. Rd7 f2+ 42. Kc1 Rc8+ 43. Kb1 Qf5+ 44. Qxf5 gxf5 45. e7 Re8 46. Rd8 Kf7 47. Rxe8 Kxe8 48. Kc2 Kxe7 49. Kd3 Kd6 50. Kd4 h5 51. b4 h4 52. b5 b6 53. Bg2 f4 54. Ke4 Kc5 55. Kxf4 Kxb5 56. Kf3 Ka4 57. Kxf2 b5 58. Bd5 1-0

[Event "Liptovsky Jan op"]
[Site "Liptovsky Jan"]
[Date "2022.06.23"]
[Round "1.3"]
[White "Lis, Maksymilian"]
[Black "Karas, Marek"]
[Result "0-1"]
[WhiteElo "1626"]
[BlackElo "2294"]
[PlyCount "44"]
[EventDate "2022.06.23"]
[EventType "swiss"]
[EventRounds "7"]
[EventCountry "SVK"]
[SourceTitle "CBM 209 Extra"]
[Source "ChessBase"]
[SourceDate "2022.09.30"]
[SourceVersion "1"]
[SourceVersionDate "2022.09.30"]
[SourceQuality "1"]

1. d4 Nf6 2. Bg5 d5 3. Nf3 c5 4. Bxf6 gxf6 5. c4 cxd4 6. Qxd4 Nc6 7. Qxd5 Qxd5 8. cxd5 Nb4 9. Na3 Bd7 10. e4 f5 11. e5 Nxd5 12. Nb5 a6 13. 0-0-0 axb5 14. Rxd5 e6 15. Rd1 Rxa2 16. Kb1 Ra5 17. Nd4 b4 18. f4 Rg8 19. g3 h5 20. Bg2 Be7 21. Bxb7 Bd8 22. Nc6 h4 0-1